Educación sexual de niños, niñas y jóvenes con discapacidad intelectual: guía para el docente
Guardado en:
| Autor Corporativo: | |
|---|---|
| Formato: | Libro |
| Lenguaje: | español |
| Publicado: |
Santiago
Ministerio de Educación
2007
|
| Edición: | 1a. ed |
| Materias: | |
| Etiquetas: |
Agregar Etiqueta
Sin Etiquetas, Sea el primero en etiquetar este registro!
|
MARC
| LEADER | 00000nam a2200000 a 4500 | ||
|---|---|---|---|
| 001 | UCH9302 | ||
| 003 | CL-VaPUC | ||
| 008 | 091231e20070000CL |||||||||||||||||spa|d | ||
| 020 | |a 9789562921787 | ||
| 082 | 0 | 4 | |a 372 |b MIN |2 21 |
| 110 | 2 | |a Ministerio de Educación |e author |9 546245 | |
| 245 | 1 | 0 | |a Educación sexual de niños, niñas y jóvenes con discapacidad intelectual: guía para el docente |
| 250 | |a 1a. ed | ||
| 300 | |a 131 p | ||
| 942 | |c BK | ||
| 945 | |d 20091231 00:00:00 |a cmena | ||
| 260 | |a Santiago |b Ministerio de Educación |c 2007 | ||
| 650 | 0 | |a Educación sexual |9 308005 | |
| 650 | 0 | |a Educación básica |9 224933 | |
| 650 | 0 | |a Educación especial |9 307486 | |
| 650 | 0 | |a Igualdad de oportunidades |9 331873 | |
| 583 | |a last modification |c 20091231 00:00:00 |k Rodrigo Vera | ||
| 999 | |c 339292 |d 339290 | ||
| 952 | |0 0 |1 0 |4 0 |6 372_000000000000000_MIN_2007 |7 0 |8 C |9 432858 |a BIBCUR |b BIBCUR |d 2019-11-22 |i 4602765 |l 1 |o 372 MIN 2007 |p 4602765 |r 2025-04-22 |s 2023-09-22 |w 2019-11-22 |y BK |k CAC | ||